[Event "ROM-ch U12"]
[Site "Calimanesti"]
[Date "2018.03.30"]
[Round "5"]
[White "Nicoara, Vlad Mihnea"]
[Black "Dorodici, Martin Alexandru"]
[Result "1-0"]
[WhiteElo "1101"]
[BlackElo "1005"]
[PlyCount "51"]
[EventDate "2018.03.27"]
[EventType "swiss"]
[EventRounds "9"]
[EventCountry "ROU"]
[SourceTitle "CBM 183 Extra"]
[Source "ChessBase"]
[SourceDate "2018.04.19"]
[SourceVersion "1"]
[SourceVersionDate "2018.04.19"]
[SourceQuality "1"]

1. e4 d5 2. exd5 Qxd5 3. Nc3 Qa5 4. d4 Nf6 5. Bd2 c6 6. Nf3 Bg4 7. h3 Bxf3 8. Qxf3 Qc7 9. Be3 e6 10. a3 Nbd7 11. Bd3 0-0-0 12. 0-0 a6 13. Rfe1 e5 14. Rad1 g6 15. Bc4 Bg7 16. Bg5 h6 17. Bxf6 Bxf6 18. d5 Rde8 19. dxc6 bxc6 20. Bxa6+ Kd8 21. Qxf6+ Re7 22. Qxh8+ Re8 23. Qf6+ Re7 24. Rxd7+ Kxd7 25. Rd1+ Ke8 26. Qh8# 1-0